000 00631pam a2200229 i 4500
001 3194665
005 20180115044949.0
008 771215t19801979enka b 001 0 eng
010 _a 77030496
020 _a0080219446
040 _aDLC
_cDLC
_dDLC
041 1 _aengrus
080 _a359.009 GOR
082 0 0 _a359.009 GOR
100 1 _a16
101 _aHIS
240 1 0 _aMorskai︠a︡ moshchʹ gosudarstva.
_lEnglish
245 1 4 _aThe sea power of the state /
_cby S.G. Gorshkov.
504 _aIncludes bibliographical references and index.
906 _a7
_bcbc
_corignew
_d1
_eocip
_f19
_gy-gencatlg
942 _2ddc
_cBK
999 _c40246
_d40246